Heidegger for beginners / (Record no. 4951)
[ view plain ]
| 000 -LEADER | |
|---|---|
| fixed length control field | 00651 a2200205 4500 |
| 010 ## - LCCN (DPL NO) | |
| LC control number | ENG-86671 |
| 020 ## - INTERNATIONAL STANDARD BOOK NUMBER | |
| Terms of availability | 130.00 |
| International Standard Book Number | 8125028994 |
| 035 ## - SYSTEM CONTROL NUMBER | |
| System control number | EN-70204 |
| 037 ## - SOURCE OF ACQUISITION | |
| Source of stock number/acquisition | DBAD / PUB |
| 082 14 - DEWEY DECIMAL CLASSIFICATION NUMBER | |
| Classification number | 193.092 |
| 100 1# - MAIN ENTRY--PERSONAL NAME | |
| Personal name | Lemay, Eric |
| 245 1# - TITLE STATEMENT | |
| Title | Heidegger for beginners / |
| Statement of responsibility, etc | by Eric Lemay [and] Jennifer A. Pitts; illustrated by Paul Gordon |
| 260 ## - PUBLICATION, DISTRIBUTION, ETC. (IMPRINT) | |
| Place of publication, distribution, etc | Chennai |
| Name of publisher, distributor, etc | Orient Longman |
| Date of publication, distribution, etc | 2005 |
| 270 ## - ADDRESS | |
| Address | 160 Anna Salai |
| City | Chennai |
| Postal code | 600 002 |
| Electronic mail address | chegeneral@orientlongman.com |
| 300 ## - PHYSICAL DESCRIPTION | |
| Extent | 118 p |
| Dimensions | 23 cm (Pbk) |
| Other physical details | ill. |
| 500 ## - GENERAL NOTE | |
| General note | Includes index |
| 700 1# - ADDED ENTRY--PERSONAL NAME | |
| Personal name | Pitts, Jennifer A |
| 700 1# - ADDED ENTRY--PERSONAL NAME | |
| Personal name | Gordon, Paul |
| 942 ## - ADDED ENTRY ELEMENTS (KOHA) | |
| Institution code [OBSOLETE] | dpl |
| Item type | English Books |
| Source of classification or shelving scheme | Dewey Decimal Classification |
| Classification part | 193.092 |
| Call number suffix | LEM |
| Withdrawn status | Lost status | Not for loan | Collection code | Home library | Current library | Source of acquisition | Cost, normal purchase price | Full call number | Barcode | Copy number | Cost, replacement price | Koha item type |
|---|---|---|---|---|---|---|---|---|---|---|---|---|
| Not For Loan | Non-fiction | D.B.Act.Division | D.B.Act.Division | DBAD/PUB | 130.00 | 193.092 LEM | EN-70204 | 1 | 130.00 | English Books |
